000 00455nab a2200145Ia 4500
003 ES-SlBCS
005 20210601125237.0
008 140529s1977 xxu||||| |||| 00| 0 eng d
041 _aeng
100 1 _aBlumberg, David
_9155901
245 0 0 _aAntinaturalism and the Subversion of Morality
_c David Blumberg
650 0 4 _aAntinaturalismo
_9155902
773 0 _tPhilosophy and Phenomenological Research
_gvol. 37, 1977, págs. 498-515
_wRev1411
942 _cAR
999 _c527138
_d527138